000 01127cam a2200349 a 4500
001 57833
003 CO-BoRNBP
005 20250731152213.0
007 ta
008 011127s1987 ve a r 00010 spa d
020 _a9802570400
040 _ala
_cla
041 1 _aspa
_heng
043 _an-us---
082 0 4 _aI813.5
_bM67b
_219 ed.
100 1 _aMorgan, Allen.
_961759
245 1 3 _aEl barco de Camila :
_bun cuento para dormir /
_cAllen Morgan ; ilustraciones de Jirina Marton ; traduccion Clarisa de la Rosa.
250 _a1a. edición
300 _a[22] p. :
_bil., [color] ;
_c20 cm.
336 _2rdacontent
_atexto
_btxt
337 _2rdamedia
_asin mediación
_bn
338 _2rdacarrier
_avolumen
_bnc
534 _tNicole's Boat.
650 7 _aCuentos infantiles estadounidenses.
_2BLAAUTO
_9823
650 7 _aElectrónica orgánica.
_2BLAAUTO
_961760
650 7 _aBarcos
_aCuentos infantiles.
_2BLAAUTO
650 7 _aAnimales
_vCuentos infantiles.
_2BLAAUTO
_943815
700 1 _aMarton, Jirina,
_eil.
_961761
700 1 _aRosa, Clarisa de la,
_etr.
_961762
942 _2ddc
_cBK
949 _an
_bn
999 _c57833
_d57833